[Event "Gibraltar Open"]
[Site "Caleta ENG"]
[Date "2012.02.01"]
[Round "9.80"]
[White "Palencia, Wilson"]
[Black "Ungureanu, Sandu"]
[Result "1-0"]
[WhiteTitle "IM"]
[WhiteElo "2324"]
[BlackElo "2039"]
[WhiteFideId "4401859"]
[BlackFideId "1212311"]
[EventDate "2012.01.24"]

1. e4 c5 2. Nf3 d6 3. d4 cxd4 4. Nxd4 Nf6 5. Nc3 g6 6. f3 Bg7 7. Be3 Nc6 8. Qd2
Bd7 9. O-O-O a6 10. Bc4 Rc8 11. Bb3 Ne5 12. Bh6 Bxh6 13. Qxh6 Nc4 14. Nd5 Nxd5
15. exd5 Qa5 16. Rhe1 Qxd5 17. Ne6 Qxd1+ 18. Rxd1 Bxe6 19. Rd4 Kd7 20. Qh4 b5
21. a4 Rc5 22. Qe4 d5 23. Qe1 Re8 24. g4 f6 25. Bxc4 bxc4 26. Qh4 Bg8 27. f4 e5
28. Rd1 Re6 29. fxe5 fxe5 30. Rf1 c3 31. b4 Rc4 32. Rf8 Re8 33. Rxg8 Rxg8 34.
Qxh7+ Kd6 35. Qxg8 Rf4 36. Qxg6+ Ke7 37. Qxa6 d4 38. Qe2 e4 39. a5 e3 40. a6 Rf2
41. Kd1 1-0

[Event "Gibraltar Open"]
[Site "Caleta ENG"]
[Date "2012.02.01"]
[Round "9.81"]
[White "Sanchez, Louis"]
[Black "Spanton, Tim R"]
[Result "1-0"]
[WhiteTitle "FM"]
[WhiteElo "2261"]
[BlackElo "1984"]
[WhiteFideId "624225"]
[BlackFideId "404802"]
[EventDate "2012.01.24"]

1. Nf3 Nc6 2. d4 d5 3. g3 Bf5 4. Bg2 e6 5. O-O h6 6. c4 Nb4 7. Ne5 c6 8. Nc3 f6
9. e4 h5 10. exf5 fxe5 11. fxe6 exd4 12. Qxd4 Qf6 13. Qd1 dxc4 14. Qd7# 1-0

[Event "Gibraltar Open"]
[Site "Caleta ENG"]
[Date "2012.02.01"]
[Round "9.82"]
[White "Byron, Alan M"]
[Black "Van Diermen, Arie"]
[Result "1-0"]
[WhiteElo "2241"]
[BlackElo "1904"]
[WhiteFideId "401773"]
[BlackFideId "1009710"]
[EventDate "2012.01.24"]

1. e4 g6 2. d4 Bg7 3. Be2 d6 4. Nc3 Nd7 5. h4 e5 6. d5 a5 7. h5 Nc5 8. h6 Bf6 9.
Be3 Bg5 10. Qd2 Bxe3 11. Qxe3 Bd7 12. g4 Qe7 13. O-O-O O-O-O 14. a3 b6 15. b4
axb4 16. axb4 Na4 17. Nxa4 Bxa4 18. b5 Kb7 19. Kb2 Qe8 20. Qd3 Nf6 21. Ra1 Ra8
22. Qc4 Bxb5 23. Rxa8 Bxc4 24. Rxe8 Rxe8 25. Bxc4 Nxe4 26. Nh3 f5 27. Bb5 Rb8
28. Bc6+ Kc8 29. gxf5 g5 30. Rg1 Kd8 31. Nxg5 Nxg5 32. Rxg5 Ke7 33. Rg7+ Kf6 34.
Rxh7 1-0

[Event "Gibraltar Open"]
[Site "Caleta ENG"]
[Date "2012.02.01"]
[Round "9.83"]
[White "Herman, Jean"]
[Black "Tavares, Shawn P"]
[Result "1-0"]
[WhiteElo "2077"]
[BlackElo "2218"]
[WhiteFideId "263036"]
[BlackFideId "7700016"]
[EventDate "2012.01.24"]

1. d4 e6 2. Nf3 Nf6 3. c4 c5 4. e3 b6 5. Bd3 Bb7 6. O-O Be7 7. Nbd2 d5 8. cxd5
Qxd5 9. Bc4 Qc6 10. dxc5 b5 11. Be2 O-O 12. Nb3 a5 13. Bd2 b4 14. a3 bxa3 15.
Nxa5 Rxa5 16. Bxa5 axb2 17. Rb1 Qxc5 18. Qe1 Qa3 19. Bc3 Be4 20. Rxb2 Nd5 21.
Bd4 Nc6 22. Qa1 Nxd4 23. Nxd4 Qd6 24. Qa7 e5 25. Bf3 exd4 26. Bxe4 dxe3 27. Bxd5
Bf6 28. Rb5 e2 29. Re1 Qf4 30. Qe3 1-0

[Event "Gibraltar Open"]
[Site "Caleta ENG"]
[Date "2012.02.01"]
[Round "9.84"]
[White "De Seroux, Camille"]
[Black "Groffen, Hans"]
[Result "1-0"]
[WhiteElo "2076"]
[BlackElo "2204"]
[WhiteFideId "1305620"]
[BlackFideId "1004140"]
[EventDate "2012.01.24"]

1. e4 e6 2. d4 d5 3. Nd2 Nf6 4. e5 Nfd7 5. c3 c5 6. Bd3 Nc6 7. Ndf3 cxd4 8. cxd4
f6 9. exf6 Nxf6 10. Nh3 Bb4+ 11. Bd2 Bd6 12. O-O Qc7 13. Re1 O-O 14. Rc1 Qb6 15.
Nhg5 Nxd4 16. Nxd4 Qxd4 17. Be3 Qb4 18. a3 Qxb2 19. Rb1 Qc3 20. Rb3 Qc7 21. Bd4
e5 22. Rc3 Qa5 23. Rxe5 Bxe5 24. Bxe5 h6 25. Nf3 Bg4 26. Qb3 Rac8 27. Rxc8 Bxc8
28. h3 Be6 29. Qxb7 Qxa3 30. Bg6 Nd7 31. Qc6 Nc5 32. Qc7 Bf7 33. Qe7 Qc1+ 34.
Kh2 Ne4 35. Bh7+ Kxh7 36. Qxf8 1-0

[Event "Gibraltar Open"]
[Site "Caleta ENG"]
[Date "2012.02.01"]
[Round "9.85"]
[White "Attwood, James"]
[Black "Tscharotschkin, Michael"]
[Result "0-1"]
[WhiteElo "2072"]
[BlackElo "2195"]
[WhiteFideId "3206688"]
[BlackFideId "4619510"]
[EventDate "2012.01.24"]

1. d4 d5 2. c4 Bf5 3. cxd5 Bxb1 4. Qa4+ c6 5. dxc6 Nxc6 6. Rxb1 e5 7. Bd2 Qxd4
8. Qxd4 Nxd4 9. Rc1 Bd6 10. e3 Ne6 11. Bc3 Ke7 12. Nf3 Rc8 13. Rd1 f6 14. Be2
Nh6 15. Nd2 Nc5 16. Nc4 Nf7 17. f3 Rhd8 18. b3 Na6 19. Nxd6 Nxd6 20. Rc1 Nb4 21.
Bb2 Nxa2 22. Rxc8 Rxc8 23. Kd2 Nb4 24. Ba3 Rc2+ 25. Ke1 Nd5 26. Kf2 Nc3 27. Re1
e4 28. Kf1 Rxe2 29. Rxe2 Nxe2 30. Kxe2 Ke6 31. g4 exf3+ 32. Kxf3 a5 33. h4 b5
34. Bb2 a4 35. bxa4 bxa4 36. Kf4 Nc4 37. Bc3 a3 38. e4 a2 39. g5 Nd2 40. h5 h6 0-1

[Event "Gibraltar Open"]
[Site "Caleta ENG"]
[Date "2012.02.01"]
[Round "9.86"]
[White "Campos Calvo-Sotelo, Juan"]
[Black "Weeramantry, Sunil"]
[Result "0-1"]
[BlackTitle "FM"]
[WhiteElo "2028"]
[BlackElo "2183"]
[WhiteFideId "2251540"]
[BlackFideId "9900055"]
[EventDate "2012.01.24"]

1. b4 c6 2. c4 d5 3. e3 e6 4. a3 Nf6 5. Bb2 Be7 6. Nf3 O-O 7. Nc3 Nbd7 8. h3 a5
9. c5 e5 10. g3 Re8 11. Qc2 Bf8 12. d4 axb4 13. axb4 Rxa1+ 14. Bxa1 exd4 15.
Nxd4 b6 16. Nxc6 Qc7 17. b5 Bxc5 18. Bg2 d4 19. Ne4 dxe3 20. Nxc5 exf2+ 21. Kxf2
Nxc5 22. Bxf6 gxf6 23. Ra1 Qd6 24. Rd1 Qe6 25. Qd2 Bb7 26. g4 Ne4+ 27. Bxe4 Qxe4
28. Re1 Qxe1+ 29. Qxe1 Rxe1 30. Kxe1 Kf8 31. Nb4 Ke7 32. Kd2 Kd6 33. Kc3 Kc5 34.
Na6+ Kxb5 35. Nc7+ Kc5 36. Ne8 f5 37. gxf5 Bc8 38. Ng7 Kd5 39. h4 Ke5 40. Kb4
Bd7 41. Kc4 Kf6 42. Nh5+ Kxf5 43. Kb4 Ke5 0-1

[Event "Gibraltar Open"]
[Site "Caleta ENG"]
[Date "2012.02.01"]
[Round "9.88"]
[White "Kleinert, Juergen"]
[Black "Daurelle, Herve"]
[Result "0-1"]
[WhiteElo "2004"]
[BlackElo "2148"]
[WhiteFideId "4659180"]
[BlackFideId "602655"]
[EventDate "2012.01.24"]

1. e4 e5 2. Bc4 Nf6 3. d3 c6 4. Nf3 Be7 5. O-O d6 6. c3 O-O 7. Re1 Nbd7 8. Nbd2
b5 9. Bb3 Nc5 10. Bc2 Bg4 11. h3 Bh5 12. d4 Ncd7 13. Nf1 Re8 14. Ng3 Bg6 15. Nh4
Bf8 16. Nhf5 Qc7 17. h4 h6 18. h5 Bh7 19. Qf3 exd4 20. cxd4 c5 21. Bf4 cxd4 22.
Nxd4 Ne5 23. Qd1 Rac8 24. Rc1 Qb7 25. Ngf5 d5 26. Bxe5 Rxe5 27. f4 Ree8 28. e5
Qb6 29. Kh2 Bxf5 30. Nxf5 Ne4 31. Qxd5 Nf2 32. Qf3 Red8 33. Re2 Nd3 34. Rd1 Nxb2
35. Rxd8 Rxd8 36. Qe4 g6 37. Nh4 Rd4 38. Qf3 g5 39. fxg5 Rxh4+ 40. Kg3 hxg5 41.
Be4 Rf4 42. Qc3 Na4 43. Qc8 Qc5 44. Qe8 Nb6 0-1

[Event "Gibraltar Open"]
[Site "Caleta ENG"]
[Date "2012.02.01"]
[Round "9.89"]
[White "Allor, Chukwuka"]
[Black "Henrichsen, Jens"]
[Result "1-0"]
[WhiteElo "2145"]
[BlackElo "1901"]
[WhiteFideId "8500908"]
[BlackFideId "1401858"]
[EventDate "2012.01.24"]

1. e4 c5 2. Nf3 d6 3. d4 cxd4 4. Nxd4 Nf6 5. Nc3 a6 6. Be3 e6 7. Be2 Be7 8. O-O
O-O 9. f4 Qc7 10. Qe1 b5 11. Bf3 Bb7 12. e5 Ne8 13. Qg3 Nd7 14. Rad1 Rc8 15. Qh3
Bxf3 16. Rxf3 Qc4 17. Qh5 f5 18. Rh3 h6 19. Bf2 dxe5 20. b3 Qb4 21. Nxe6 Ndf6
22. Qg6 Rxc3 23. Be1 Bc5+ 24. Kf1 Ne4 25. Rd7 Be7 26. a3 Rg3 27. hxg3 Qxa3 28.
Rxh6 N4f6 29. Nxf8 Kxf8 30. Rh8+ Ng8 31. Rxg8+ Kxg8 32. Qxe8+ 1-0

[Event "Gibraltar Open"]
[Site "Caleta ENG"]
[Date "2012.02.01"]
[Round "9.90"]
[White "Fransson, Angelina"]
[Black "Mastalerz, Xavier"]
[Result "0-1"]
[WhiteElo "1967"]
[BlackElo "2135"]
[WhiteFideId "1712632"]
[BlackFideId "208310"]
[EventDate "2012.01.24"]

1. e4 e6 2. d3 d5 3. Nd2 Nf6 4. Ngf3 b6 5. g3 dxe4 6. dxe4 Bb7 7. Bd3 Nbd7 8.
Qe2 Nc5 9. O-O Nxd3 10. cxd3 Be7 11. Rd1 O-O 12. Nc4 Nd7 13. h4 a5 14. h5 Nc5
15. g4 f5 16. Nce5 fxe4 17. dxe4 Qe8 18. Ng5 h6 19. Nh3 Bxe4 20. f4 Bd6 21. b4
axb4 22. Bb2 Bxe5 23. Bxe5 Ra3 24. Nf2 Rg3+ 25. Kh2 Rg2+ 26. Kh3 Qa4 27. Qe3 Bb7
28. Rg1 Qc6 29. Rad1 Ra8 30. g5 Rxg1 31. Rxg1 Ra3 32. gxh6 Rxe3+ 33. Kh4 Rxe5
34. fxe5 Qd5 35. Rxg7+ Kh8 36. Ng4 Qd4 37. Kg5 Bf3 38. Nf6 Qxe5+ 39. Kg6 Bxh5+
40. Nxh5 Qf5# 0-1

[Event "Gibraltar Open"]
[Site "Caleta ENG"]
[Date "2012.02.01"]
[Round "9.91"]
[White "Becking, Franz Josef"]
[Black "Navarrete Espi, Samuel"]
[Result "0-1"]
[WhiteElo "1956"]
[BlackElo "2120"]
[WhiteFideId "4632540"]
[BlackFideId "2237725"]
[EventDate "2012.01.24"]

1. d4 Nf6 2. Nf3 g6 3. Nc3 d5 4. e3 Bg7 5. Bd3 Nc6 6. b3 Bg4 7. h3 Bxf3 8. gxf3
e5 9. dxe5 Nxe5 10. Bb2 O-O 11. Be2 c5 12. Na4 Re8 13. Kf1 Qd6 14. c4 Qc6 15.
cxd5 Nxd5 16. Rc1 Rad8 17. Qc2 b6 18. Bxe5 Rxe5 19. e4 Nf4 20. Rd1 Ree8 21. Nc3
Qf6 22. Nd5 Rxd5 23. Rxd5 Nxd5 24. exd5 Re5 25. Qd3 Qd6 26. Qa6 Qxd5 27. Qxa7
Qd4 28. Qb8+ Bf8 29. h4 Re6 30. Bc4 Rf6 31. Qa8 Kg7 32. Qe4 Qc3 33. Kg2 Bd6 34.
h5 gxh5 35. Bxf7 Rxf7 36. Rxh5 Kh8 37. Qe8+ Rf8 38. Qc6 Rg8+ 39. Kh3 Qg7 40.
Qxd6 Qg2+ 0-1

[Event "Gibraltar Open"]
[Site "Caleta ENG"]
[Date "2012.02.01"]
[Round "9.92"]
[White "Sos Andreu, Eric"]
[Black "Marley, Andrew S G"]
[Result "1-0"]
[WhiteElo "2113"]
[BlackElo "1889"]
[WhiteFideId "22247017"]
[BlackFideId "416975"]
[EventDate "2012.01.24"]

1. e4 c5 2. c3 d5 3. exd5 Qxd5 4. d4 Nf6 5. Nf3 e6 6. Be2 Nc6 7. O-O Be7 8. Be3
cxd4 9. cxd4 O-O 10. Nc3 Qd6 11. a3 b6 12. Rc1 Bb7 13. Qa4 Rac8 14. Ba6 Bxa6 15.
Qxa6 Rfd8 16. Rc2 Nd5 17. Nb5 Qd7 18. Rfc1 Nb8 19. Qxc8 Qxb5 20. Qc4 1-0

[Event "Gibraltar Open"]
[Site "Caleta ENG"]
[Date "2012.02.01"]
[Round "9.93"]
[White "Knudsen, Jes West"]
[Black "Dasaolu, Adeoye"]
[Result "0-1"]
[WhiteElo "1892"]
[BlackElo "2103"]
[WhiteFideId "1405985"]
[BlackFideId "416061"]
[EventDate "2012.01.24"]

1. e4 d5 2. exd5 Qxd5 3. Nc3 Qa5 4. Nf3 c6 5. Bc4 Nf6 6. O-O Bg4 7. h3 Bh5 8. g4
Bg6 9. Re1 e6 10. d4 Bb4 11. Re5 Qc7 12. a3 Bd6 13. Re2 O-O 14. Ne5 Bxe5 15.
dxe5 Nd5 16. Qe1 Nd7 17. Bd2 Rfe8 18. Rc1 h6 19. b4 Nf8 20. b5 Nxc3 21. Bxc3 c5
22. f4 Rad8 23. Qf2 b6 24. h4 Qb7 25. h5 Be4 26. Rce1 Bf3 27. Re3 Bxg4 28. Qh4
Bf5 29. Rg3 Qe7 30. Qh2 Kh7 31. Qg2 g6 32. Bd3 Rxd3 33. cxd3 Rd8 34. Rd1 Qh4 35.
Qh2 Qe7 36. Qe2 Qd7 37. Qg2 Qxb5 38. d4 c4 39. Qb7 Qd7 40. Qxd7 Rxd7 41. Bb4 Kg7
42. Kf2 Rd5 43. Ke3 Nd7 44. Rc1 Bd3 45. Be7 Rb5 46. hxg6 fxg6 47. Rc3 Kf7 48.
Bd6 Rb2 49. Rh3 h5 50. Rg3 b5 51. Rg1 Bf5 52. Kf3 Nb6 53. Rg2 Be4+ 54. Kxe4 Rxg2
55. Bc5 Nd5 56. Rc1 Rg3 57. Re1 Nc3# 0-1

[Event "Gibraltar Open"]
[Site "Caleta ENG"]
[Date "2012.02.01"]
[Round "9.97"]
[White "Duport, Nicolas"]
[Black "Flynn, David"]
[Result "1-0"]
[WhiteElo "2200"]
[BlackElo "1973"]
[WhiteFideId "1314424"]
[BlackFideId "410594"]
[EventDate "2012.01.24"]

1. e4 c5 2. Nf3 d6 3. d4 cxd4 4. Nxd4 Nf6 5. Nc3 a6 6. Be2 e5 7. Nb3 Be7 8. O-O
Be6 9. Be3 Qc7 10. a4 Nbd7 11. a5 Bc4 12. Ra4 Bxe2 13. Qxe2 Rc8 14. Rd1 O-O 15.
Nd2 h6 16. Nf1 Rfe8 17. Ng3 b5 18. axb6 Nxb6 19. Rxa6 Nc4 20. Bc1 Qb7 21. Ra2 d5
22. Nxd5 Nxd5 23. Rxd5 Red8 24. Rxd8+ Bxd8 25. Nf5 Qb4 26. b3 Nd6 27. Ra4 Rxc2
28. Rxb4 Rxe2 29. Kf1 Rxe4 30. Nxh6+ Kf8 31. Rxe4 Nxe4 32. Ng4 f6 33. Ke2 Bb6
34. Be3 Ba5 35. Kd3 Nd6 36. Bc5 Ke7 37. Ne3 1-0

[Event "Gibraltar Open"]
[Site "Caleta ENG"]
[Date "2012.02.01"]
[Round "9.99"]
[White "Kakulia, Shalva"]
[Black "Dimitrijevic, Dragan"]
[Result "1-0"]
[WhiteElo "2133"]
[BlackElo "1937"]
[WhiteFideId "13602306"]
[BlackFideId "822310"]
[EventDate "2012.01.24"]

1. e4 Nf6 2. e5 Nd5 3. c4 Nb6 4. d4 d6 5. exd6 cxd6 6. Bd3 g6 7. b3 Bg7 8. Bb2
Nc6 9. Ne2 O-O 10. O-O e5 11. Be4 Qh4 12. Nd2 Nxd4 13. Nxd4 exd4 14. g3 Qf6 15.
Nf3 Bg4 16. Bxd4 Bxf3 17. Bxf6 Bxd1 18. Bxg7 Rfe8 19. Bxb7 Kxg7 20. Bxa8 Be2 21.
Bc6 Rc8 22. Rfe1 Bxc4 23. Bb7 Rc7 24. bxc4 Rxb7 25. Red1 Nxc4 26. Rac1 Ne5 27.
Rxd6 Rb2 28. Ra6 Nd3 29. Rf1 Nb4 30. Rxa7 Rxa2 31. Rxa2 Nxa2 32. Ra1 Nc3 33. Ra7
Ne2+ 34. Kf1 Nd4 35. f4 h5 36. Kf2 Kf6 37. Ke3 Nc2+ 38. Ke4 Kg7 39. Rb7 Kf6 40.
Rc7 Na3 41. Kd3 1-0

[Event "Gibraltar Open"]
[Site "Caleta ENG"]
[Date "2012.02.01"]
[Round "9.100"]
[White "Kandic, Milan"]
[Black "Bihi, Mehdi"]
[Result "1-0"]
[WhiteElo "2131"]
[BlackElo "1919"]
[WhiteFideId "926752"]
[BlackFideId "637076"]
[EventDate "2012.01.24"]

1. e4 c5 2. Nf3 Nc6 3. d3 g6 4. g3 Bg7 5. Bg2 e5 6. O-O Nge7 7. Nc3 O-O 8. Nd5
d6 9. Nh4 Be6 10. f4 f6 11. Nxe7+ Nxe7 12. f5 Bf7 13. c4 Rb8 14. Be3 Kh8 15. g4
g5 16. Nf3 Ng8 17. h4 h6 18. Kf2 Ne7 19. hxg5 fxg5 20. Rh1 Kg8 21. Qg1 Nc6 22.
Qh2 Re8 23. Bf1 Nb4 24. Bd2 Nc2 25. Rc1 Nd4 26. Bc3 Nxf3 27. Kxf3 Kf8 28. b4 b6
29. Rb1 Ke7 30. Be2 Qd7 31. Rb2 Kf6 32. Rhb1 Qc7 33. a4 Rh8 34. Kf2 Qc6 35. bxc5
Qxc5+ 36. d4 exd4 37. Rb5 1-0

[Event "Gibraltar Open"]
[Site "Caleta ENG"]
[Date "2012.02.01"]
[Round "9.101"]
[White "Patola, Eero"]
[Black "Hallerod, Ralph"]
[Result "0-1"]
[WhiteElo "1939"]
[BlackElo "2124"]
[WhiteFideId "504092"]
[BlackFideId "1705644"]
[EventDate "2012.01.24"]

1. e4 c6 2. d3 d5 3. Nd2 g6 4. g3 dxe4 5. Nxe4 e5 6. Bg2 f5 7. Nc3 Be6 8. Be3
Nd7 9. Qd2 Qc7 10. Nge2 Ngf6 11. h3 h6 12. d4 e4 13. O-O-O Qa5 14. Kb1 Nb6 15.
Nf4 Nc4 16. Qc1 Ba3 17. bxa3 Qxc3 18. Nxe6 Nd5 19. Rd3 exd3 20. cxd3 Nxa3+ 0-1

[Event "Gibraltar Open"]
[Site "Caleta ENG"]
[Date "2012.02.01"]
[Round "9.102"]
[White "Yurenok, Maria S"]
[Black "Leimeister, Winfried"]
[Result "1-0"]
[WhiteTitle "WFM"]
[WhiteElo "2109"]
[BlackElo "1918"]
[WhiteFideId "409359"]
[BlackFideId "24653721"]
[EventDate "2012.01.24"]

1. b3 e5 2. Bb2 Nc6 3. e4 Nf6 4. Nc3 Bb4 5. Nd5 Ba5 6. Qf3 d6 7. Nxf6+ Qxf6 8.
Qxf6 gxf6 9. O-O-O Rg8 10. Ne2 f5 11. exf5 Bxf5 12. Ng3 Bg6 13. h4 h6 14. Bb5
O-O-O 15. Bxc6 bxc6 16. d4 f6 17. Rhg1 e4 18. h5 Bh7 19. Ne2 d5 20. c3 Rde8 21.
b4 Bb6 22. Kd2 Bf5 23. Nf4 Rg4 24. Ke3 Reg8 25. Bc1 a6 26. Rh1 Kd7 27. Rdg1 Ba7
28. g3 R4g7 29. Bd2 Bg4 30. Ng6 Ke6 31. Rh4 Kf5 32. Nf4 Kg5 33. Rhh1 Re8 34. Rh2
f5 35. Rgh1 Kf6 36. Ng6 Bf3 37. Rb1 Bg4 38. Nf4 Rg5 39. Rh4 Bf3 40. a3 Rd8 41.
Bc1 Rb8 42. Rb2 Rd8 43. Kd2 Re8 44. Kc2 Bb6 45. Be3 Rb8 46. Rb1 Rd8 47. Kd2 Rd6
48. Ne2 Rxh5 49. Rxh5 Bxh5 50. Bxh6 Bxe2 51. Kxe2 Rd7 52. Rh1 Rh7 53. Bg5+ Kg6
54. Rxh7 Kxh7 55. Ke3 1-0

[Event "Gibraltar Open"]
[Site "Caleta ENG"]
[Date "2012.02.01"]
[Round "9.103"]
[White "Skutta, Bernd"]
[Black "Mozelius, Peter"]
[Result "1-0"]
[WhiteElo "2078"]
[BlackElo "1869"]
[WhiteFideId "4666950"]
[BlackFideId "1709704"]
[EventDate "2012.01.24"]

1. d4 g6 2. Nf3 Bg7 3. e4 d6 4. Be3 a6 5. c4 Nc6 6. Nc3 e5 7. d5 Nce7 8. c5 f5
9. cxd6 cxd6 10. Qb3 Nf6 11. Bb6 Qd7 12. Ng5 O-O 13. Ne6 fxe4 14. Nxf8 Bxf8 15.
Be2 Nf5 16. Qc4 Nh4 17. O-O-O Qf5 18. g3 Nf3 19. Be3 Bd7 20. Kb1 b5 21. Qc7 Ng4
22. Qb7 Rc8 23. Qxa6 Nd4 24. Bxb5 Nxb5 25. Nxb5 Nxe3 26. fxe3 Qf2 27. Nc3 Qxe3
28. Rhf1 Bf5 29. Qb7 Qc5 30. Qa6 e3+ 31. Ka1 Rb8 32. Qa4 Rb4 33. Qc6 Qa5 34.
Rde1 Rb6 35. Qa4 Qc5 36. g4 e2 37. Nxe2 Bd3 38. Qe8 Bf5 39. gxf5 Qc2 40. Rb1
Rxb2 41. Rxb2 Qe4 42. fxg6 1-0

[Event "Gibraltar Open"]
[Site "Caleta ENG"]
[Date "2012.02.01"]
[Round "9.104"]
[White "Auvinen, Esa"]
[Black "Peltomaki, Jarmo"]
[Result "1-0"]
[WhiteElo "1926"]
[BlackElo "2051"]
[WhiteFideId "501069"]
[BlackFideId "507148"]
[EventDate "2012.01.24"]

1. e4 g6 2. d4 Bg7 3. Nf3 c5 4. c3 cxd4 5. cxd4 d5 6. e5 Nh6 7. Be2 Nc6 8. O-O
Bg4 9. Nc3 Nf5 10. Be3 e6 11. Qd2 Qb6 12. Rfd1 Bxf3 13. Bxf3 h5 14. g3 Rc8 15.
Bg2 Nxe3 16. Qxe3 Bh6 17. f4 Bf8 18. Rac1 Nxd4 19. Rxd4 Qxd4 20. Qxd4 Bc5 21.
Qxc5 Rxc5 22. Kf2 Kd7 23. Ke3 Rhc8 24. Kd2 a6 25. Ne2 Ra5 26. Rxc8 Kxc8 27. a3
Kc7 28. Nd4 Rc5 29. Bf1 Kb6 30. Bd3 Rc8 31. Nf3 Rg8 32. Ng5 Kc7 33. Nxf7 Kd7 34.
Ng5 b5 35. Bf1 Rc8 36. Bh3 Rc6 37. Nxe6 Ke7 38. Nd4 Rc4 39. Nc2 h4 40. Nb4 Rd4+
41. Ke2 Re4+ 42. Kf2 hxg3+ 43. hxg3 Rc4 44. Nxd5+ Kf8 45. Nc3 b4 46. axb4 Rxb4
47. Nd1 Ke7 48. Bf1 a5 49. Bd3 g5 50. f5 a4 51. Ke3 Rg4 52. Kf3 Rd4 53. Bc2 Rc4
54. Ne3 Rd4 55. Be4 Rd2 56. Nd5+ Kf8 57. Nb6 Rxb2 58. Nxa4 Rb5 59. e6 Ke7 60.
Bc2 Ra5 61. Ke3 Re5+ 62. Be4 Rb5 63. Nc3 Rb3 64. Kd4 Ra3 65. g4 Ra1 66. Ke5 Ra5+
67. Nd5+ Ke8 68. f6 Ra7 69. Bg6+ Rf7 70. Bxf7+ Kf8 71. Bg6 Kg8 72. e7 Kh8 73.
e8=Q# 1-0

[Event "Gibraltar Open"]
[Site "Caleta ENG"]
[Date "2012.02.01"]
[Round "9.106"]
[White "Nilsson, Lars Kjoller"]
[Black "Forsa, Elise"]
[Result "1/2-1/2"]
[WhiteElo "2036"]
[BlackElo "1770"]
[WhiteFideId "1402544"]
[BlackFideId "1500163"]
[EventDate "2012.01.24"]

1. Nf3 e6 2. b3 d5 3. Bb2 Nf6 4. e3 b6 5. d4 Bb7 6. Bd3 Be7 7. Nbd2 Nbd7 8. Qe2
O-O 9. Ne5 c6 10. f4 b5 11. O-O-O a6 12. g4 c5 13. g5 c4 14. gxf6 cxd3 15. cxd3
Nxf6 16. Kb1 a5 17. a3 Bd6 18. Rhg1 Qe7 19. Qg2 g6 20. Ka2 Rfc8 21. Ndf3 a4 22.
b4 Bxb4 23. Ng5 Bxa3 24. Bxa3 b4 25. Bxb4 Qxb4 26. Rb1 Qe7 27. Ngxf7 Rc3 28. Rb2
a3 29. Rc2 Rac8 30. Rgc1 Qb4 31. Rxc3 Rxc3 32. Rxc3 Qxc3 33. Nd8 Ba6 34. Nxg6
Bxd3 35. Ne5+ Kf8 36. Nxe6+ Ke8 37. Nc5 Bc4+ 38. Nxc4 Qxc4+ 39. Kxa3 Qc3+ 40.
Nb3 Qxe3 41. Qg5 Qe7+ 42. Kb2 1/2-1/2

[Event "Gibraltar Open"]
[Site "Caleta ENG"]
[Date "2012.02.01"]
[Round "9.108"]
[White "Conflitti, Alessandro"]
[Black "Lam, Daniel King-wai"]
[Result "1/2-1/2"]
[WhiteElo "1792"]
[BlackElo "2022"]
[WhiteFideId "843563"]
[BlackFideId "6001238"]
[EventDate "2012.01.24"]

1. e4 e6 2. b3 d5 3. Bb2 dxe4 4. Nc3 Nf6 5. Qe2 Bb4 6. O-O-O Qe7 7. g4 Ba3 8. g5
Nd5 9. h4 Nxc3 10. dxc3 Qc5 11. Qxe4 Bxb2+ 12. Kxb2 Qxf2 13. Bd3 Nc6 14. Nh3 Qc5
15. Rhf1 Ne5 16. h5 h6 17. Rg1 hxg5 18. Rxg5 f5 19. Qg2 Qc6 20. Qg3 Nxd3+ 21.
Rxd3 Bd7 22. Rxg7 O-O-O 23. Nf4 Qc5 24. Qg5 Rhe8 25. h6 e5 26. Ng6 e4 27. Ne7+
Rxe7 28. Rxe7 exd3 29. cxd3 Qf2+ 30. Ka3 f4 31. h7 Qg3 32. Qe5 Qh4 33. Qg7 Bc6
34. Qe5 Bd7 35. Qg7 Bc6 1/2-1/2

[Event "Gibraltar Open"]
[Site "Caleta ENG"]
[Date "2012.02.01"]
[Round "9.111"]
[White "Lochte, Szilvia"]
[Black "Boesch, Dirk"]
[Result "0-1"]
[WhiteElo "1956"]
[BlackElo "2131"]
[WhiteFideId "708410"]
[BlackFideId "4670639"]
[EventDate "2012.01.24"]

1. d4 Nf6 2. Bf4 g6 3. e3 Bg7 4. Nf3 O-O 5. Be2 d6 6. O-O Nbd7 7. h3 Qe8 8. c4
e5 9. Bh2 b6 10. Nc3 Qe7 11. Nb5 Ne8 12. dxe5 dxe5 13. Qd5 Rb8 14. Nxa7 Bb7 15.
Nc6 Qf6 16. Qxd7 Bxc6 17. Qg4 Qe7 18. Rad1 f5 19. Qg3 f4 20. Qg4 Nd6 21. exf4
Bd7 22. Qh4 Bf6 23. Ng5 exf4 24. Bxf4 Bxg5 25. Bxg5 Qxe2 26. Rfe1 Qc2 27. Rxd6
cxd6 28. Re7 Qd1+ 29. Kh2 h5 30. Rxd7 Qd3 31. Bh6 Rf7 32. Rxf7 Kxf7 33. Qf4+ Qf5
34. Qxd6 Re8 35. Qxb6 Qe5+ 36. g3 g5 37. Qb7+ Kg6 38. Bxg5 Qxg5 39. Qc6+ Kf7 40.
b4 Qf5 41. Qb6 h4 42. Qa7+ Re7 43. Qd4 hxg3+ 44. Kxg3 Re4 45. Qa7+ Kg6 46. Qb6+
Kh5 47. Qb8 Qf6 48. Qc7 Re7 49. Qc5+ Re5 0-1

[Event "Gibraltar Open"]
[Site "Caleta ENG"]
[Date "2012.02.01"]
[Round "9.115"]
[White "Mortensen, Henrik"]
[Black "Boesch, Heinz"]
[Result "1-0"]
[WhiteElo "2012"]
[BlackElo "1904"]
[WhiteFideId "1401424"]
[BlackFideId "4673824"]
[EventDate "2012.01.24"]

1. e4 c5 2. Nf3 Nc6 3. c4 g6 4. d4 cxd4 5. Nxd4 Bg7 6. Be3 Nf6 7. Nc3 d6 8. Be2
O-O 9. O-O Bd7 10. Nc2 a5 11. f3 a4 12. Qd2 Na5 13. Rab1 Rc8 14. b3 Qc7 15. Rfc1
axb3 16. axb3 b5 17. Nxb5 Bxb5 18. cxb5 Qc3 19. Qxc3 Rxc3 20. Bd2 Rfc8 21. Bxc3
Rxc3 22. Nb4 Rxb3 23. Rxb3 Nxb3 24. Rc8+ Bf8 25. Nd5 Kg7 26. b6 1-0